|
|
|
|
| LEADER |
01212nam a22002777a 4500 |
| 001 |
31769 |
| 003 |
BD-DhAAL |
| 005 |
20250626102623.0 |
| 008 |
180207t2013 bguab | 000 0 ben d |
| 040 |
|
|
|a BD-DhAAL
|d BD-DhAAL
|
| 041 |
|
|
|a ben
|a eng
|
| 082 |
|
|
|a 305.800954162
|2 20
|
| 100 |
|
|
|a রহমান, আতিকুর.
|9 24943
|
| 245 |
|
|
|a পর্বত প্রকাশ :
|b (অনুসন্ধান) /
|c আতিকুর রহমান.
|
| 260 |
|
|
|a ঢাকা :
|b পর্বত প্রকাশনী,
|c ২০১৩.
|
| 300 |
|
|
|a ২৮৪ পৃষ্ঠা :
|b চিত্র ;
|c ২২ সে.মি.
|
| 504 |
|
|
|a Includes bibliographical references (page 282)
|
| 526 |
|
|
|a AAL
|
| 541 |
|
|
|a Complimentary copy
|e 31769
|
| 650 |
|
|
|a Bengali (South Asian people)
|x Social life and customs.
|9 24944
|
| 650 |
|
|
|x Social life and customs
|z Bangladesh.
|9 24945
|
| 650 |
|
|
|x Social life and customs
|z India.
|9 24946
|
| 852 |
|
|
|a Ayesha Abed Library
|c General Stacks
|
| 942 |
|
|
|2 ddc
|c BK
|
| 999 |
|
|
|c 39100
|d 39100
|
| 952 |
|
|
|0 0
|1 0
|2 ddc
|4 0
|6 305_800954162000000_RAH
|7 0
|9 62703
|a BRACUL
|b BRACUL
|c GEN
|d 2018-02-07
|e Complementary copy
|l 0
|o 305.800954162 RAH
|p 3010031769
|r 2018-02-07
|t 1
|w 2018-02-07
|y BK
|